Operations research : (Record no. 20641)
[ view plain ]
| 000 -LEADER | |
|---|---|
| fixed length control field | 00936nam a22002895a 4500 |
| 006 - FIXED-LENGTH DATA ELEMENTS--ADDITIONAL MATERIAL CHARACTERISTICS--GENERAL INFORMATION | |
| fixed length control field | a||||fr|||| 00| 0 |
| 008 - FIXED-LENGTH DATA ELEMENTS--GENERAL INFORMATION | |
| fixed length control field | 100921r20042002ii a frb 001 0 eng d |
| 010 ## - LIBRARY OF CONGRESS CONTROL NUMBER | |
| LC control number | 2002070013 |
| 020 ## - INTERNATIONAL STANDARD BOOK NUMBER | |
| International Standard Book Number | 8120322355 |
| 020 ## - INTERNATIONAL STANDARD BOOK NUMBER | |
| International Standard Book Number | 9788178087573 |
| 040 ## - CATALOGING SOURCE | |
| Original cataloging agency | EG-ScBUE |
| Language of cataloging | eng |
| Transcribing agency | EG-ScBUE |
| 082 04 - DEWEY DECIMAL CLASSIFICATION NUMBER | |
| Classification number | 001.424 |
| Item number | TAH |
| Edition number | 22 |
| 100 1# - MAIN ENTRY--PERSONAL NAME | |
| Personal name | Taha, Hamdy A. |
| 9 (RLIN) | 19665 |
| 245 10 - TITLE STATEMENT | |
| Title | Operations Research : |
| Remainder of title | An Introduction / |
| Statement of responsibility, etc | Hamdy A. Taha. |
| 250 ## - EDITION STATEMENT | |
| Edition statement | 7th ed. |
| 260 ## - PUBLICATION, DISTRIBUTION, ETC. (IMPRINT) | |
| Place of publication, distribution, etc | New Delhi : |
| Name of publisher, distributor, etc | Prentice Hall of India, |
| Date of publication, distribution, etc | c.2004 |
| 300 ## - PHYSICAL DESCRIPTION | |
| Extent | xvii, 830 p. : |
| Other physical details | ill.; |
| Dimensions | 24 cm. + |
| Accompanying material | 1 CD-ROM (4 3/4 in.) |
| 500 ## - GENERAL NOTE | |
| General note | Index : p. 825-830. |
| 500 ## - GENERAL NOTE | |
| General note | Appendix : p. 765-824. |
| 504 ## - BIBLIOGRAPHY, ETC. NOTE | |
| Bibliography, etc | Include Bibliographic references. |
| 590 ## - LOCAL NOTE (RLIN) | |
| Local note | Menna Elemam |
| 650 #0 - SUBJECT ADDED ENTRY--TOPICAL TERM | |
| Topical term or geographic name as entry element | Operations research. |
| 9 (RLIN) | 19666 |
| Source of heading or term | BUEsh |
| 650 #0 - SUBJECT ADDED ENTRY--TOPICAL TERM | |
| Topical term or geographic name as entry element | Programming (Mathematics) |
| 9 (RLIN) | 19667 |
| Source of heading or term | BUEsh |
| 651 ## - SUBJECT ADDED ENTRY--GEOGRAPHIC NAME | |
| Source of heading or term | BUEsh |
| 653 ## - INDEX TERM--UNCONTROLLED | |
| Resource For college | Informatics and Computer Science |
| Arrived date list | August2015 |
| 942 ## - ADDED ENTRY ELEMENTS (KOHA) | |
| Item type | Book - Borrowing |
| Call number prefix | 001.424 TAH |
| Source of classification or shelving scheme | Dewey Decimal Classification |
| Withdrawn status | Item status | Source of classification or shelving scheme | Damaged status | Not for loan | Home library | Current library | Shelving location | Date acquired | Source of acquisition | Total Checkouts | Full call number | Barcode | Date last seen | Koha item type | Materials specified (bound volume or other part) |
|---|---|---|---|---|---|---|---|---|---|---|---|---|---|---|---|
| Dewey Decimal Classification | Central Library | Central Library | Lower Floor | 19/08/2015 | Purchase | 001.424 TAH | 000047721 | 15/07/2025 | Book - Borrowing | ||||||
| Dewey Decimal Classification | Central Library | Central Library | First floor | 08/05/2018 | 001.424 TAH | 000047722 | 24/08/2022 | CD | DVD - With book | Lost In Inventory_2018-08-12 | ||||||
| Dewey Decimal Classification | Central Library | Central Library | Lower Floor | 08/05/2018 | 001.424 TAH | 000005041 | 15/07/2025 | Book - Borrowing | |||||||
| Dewey Decimal Classification | Central Library | Central Library | First floor | 08/05/2018 | 001.424 TAH | 000021751 | 24/08/2022 | CD | DVD - With book |